Les pieces aux Echecs (chess) - Statistiques

Statistiques générales
  • Ce quiz a été pris 124 fois
    97 depuis la dernière actualisation
  • Le résultat moyen est 6 sur 6
Statistiques - réponses
Les pieces % Correct
Roi
100%
Cavalier
99%
Fou
99%
Pion
99%
Dame
97%
Tour
97%
Aucun quiz correspondant
Distribution des résultats
% des personnes avec chaque résultat
Percentile par nombre de réponses
Votre historique - résultats
Vous n’avez pas pris ce quiz depuis la dernière actualisation